000 00615cam a2200145 4500500
005 20251012014314.0
041 _afre
042 _adc
100 1 0 _aBideaux, Rose K.
_eauthor
245 0 0 _aSébastien GENVO and Thibault PHILIPPETTE (eds), Introduction aux théories des jeux vidéo, Liège, Presses universitaires de Liège, coll. Jeu/Play/Spiel, 2023, 462 pages
260 _c2025.
500 _a75
786 0 _nQuestions de communication | 46 | 2 | 2025-02-24 | p. 618-623 | 1633-5961
856 4 1 _uhttps://shs.cairn.info/revue-questions-de-communication-2024-2-page-618?lang=en&redirect-ssocas=7080
999 _c1530727
_d1530727